How to prepare for verbal ability and reading comprehension: (Record no. 30956)
[ view plain ]
| 000 -LEADER | |
|---|---|
| fixed length control field | 01078nam a22002777a 4500 |
| 005 - DATE AND TIME OF LATEST TRANSACTION | |
| control field | 20091016140540.0 |
| 008 - FIXED-LENGTH DATA ELEMENTS--GENERAL INFORMATION | |
| fixed length control field | 091016t xxu||||| |||| 00| 0 eng d |
| 010 ## - LCCN (DPL NO) | |
| LC control number | ENG-95140 |
| 020 ## - INTERNATIONAL STANDARD BOOK NUMBER | |
| International Standard Book Number | 9780070146457 |
| Terms of availability | 450.00 |
| 020 ## - INTERNATIONAL STANDARD BOOK NUMBER | |
| International Standard Book Number | 0070146454 |
| Terms of availability | 450.00 |
| 035 ## - SYSTEM CONTROL NUMBER | |
| System control number | EN-78673 |
| 037 ## - SOURCE OF ACQUISITION | |
| Source of stock number/acquisition | DBAD/PUB |
| 040 ## - CATALOGING SOURCE | |
| Original cataloging agency | DPL |
| 082 ## - DEWEY DECIMAL CLASSIFICATION NUMBER | |
| Classification number | 485 |
| 100 ## - MAIN ENTRY--PERSONAL NAME | |
| Personal name | Sharma, Arun |
| 245 ## - TITLE STATEMENT | |
| Title | How to prepare for verbal ability and reading comprehension: |
| Statement of responsibility, etc | by Arun Sharma [and] Meenakshi Upadhyay |
| Medium | ENG |
| Remainder of title | for the CAT (Common Admission Test) / |
| 246 ## - VARYING FORM OF TITLE | |
| Title proper/short title | Verbal ability and reading comprehension for the CAT (Common Admission Test) |
| 250 ## - EDITION STATEMENT | |
| Edition statement | 2nd ed. |
| 260 ## - PUBLICATION, DISTRIBUTION, ETC. (IMPRINT) | |
| Place of publication, distribution, etc | New Delhi |
| Name of publisher, distributor, etc | Tata McGraw Hill |
| Date of publication, distribution, etc | 2009 |
| 270 ## - ADDRESS | |
| Address | 7, West Petel Nagar |
| City | New Delhi |
| Postal code | 110008 |
| 300 ## - PHYSICAL DESCRIPTION | |
| Extent | Various pagings. |
| Dimensions | 29cm.(Pbk) |
| 490 ## - SERIES STATEMENT | |
| Series statement | Tata McGraw-Hill's winning we edge series |
| 700 ## - ADDED ENTRY--PERSONAL NAME | |
| Personal name | Upadhyay, Meenakshi |
| 942 ## - ADDED ENTRY ELEMENTS (KOHA) | |
| Source of classification or shelving scheme | Dewey Decimal Classification |
| Item type | English Books |
| Call number suffix | SHA |
| Classification part | 485 |
| Withdrawn status | Lost status | Source of classification or shelving scheme | Damaged status | Not for loan | Collection code | Home library | Current library | Date acquired | Source of acquisition | Cost, normal purchase price | Total Checkouts | Full call number | Barcode | Date last seen | Copy number | Cost, replacement price | Koha item type | Shelving location |
|---|---|---|---|---|---|---|---|---|---|---|---|---|---|---|---|---|---|---|
| Dewey Decimal Classification | Not For Loan | Non-fiction | D.B.Act.Division | D.B.Act.Division | 16/10/2009 | DBAD / PUB | 450.00 | 485 SHA | EN-78673 | 16/10/2009 | 1 | 450.00 | English Books | |||||
| Dewey Decimal Classification | Non-fiction | Kadipur | Kadipur | 25/06/2019 | BPPD/PUB | 450.00 | 000 SHA | B-225580 | 25/06/2019 | 2 | 450.00 | English Books | General Stacks |
